| 000 | 00537nam a2200181Ia 4500 | ||
|---|---|---|---|
| 005 | 20250423095012.0 | ||
| 008 | 250422s9999 xx 000 0 und d | ||
| 020 | _a9780205617647 | ||
| 050 | _aJK 468 .P64 .K78/ | ||
| 100 | _aKryzanek, Michael J. | ||
| 245 | 0 | _aDebates, differences, and divisions : the 25 issues that shape American politics | |
| 260 | _aBoston | ||
| 260 | _b Longman | ||
| 260 | _c2011 | ||
| 300 | _a374 p | ||
| 650 | _aPolitical planning--United States. United States--Politics and government. | ||
| 942 | _cBK | ||
| 999 |
_c28940 _d28940 |
||